01167nam a2200253Ia 4500999001500000003000400015005001700019008004100036020001500077040002100092041000800113082002700121100004600148245011100194250002200305260005900327300006900386505021500455650003600670650002800706650003800734942001200772952012900784 c5663d5663OSt20200621005258.0191128s2007 ck ad fr 000 0 spa d a9587101850 aCO-JMCRcCO-JMCR0 aspa04a332.673 / bM177h 2231 aMartinez Aldana, Clemencia, eautor9593810aHerramientas de cobertura con futuros y opciones en mercados internacionales / cClemencia Martinez Aldana aPrimera edición aBogotá : bUniversidad Externado de Colombia, c2007 a388 páginas : bgráficas a blanco y negro ; c24 cm + e1 CD0 aLa globalización de las finanzas internacionales -- Los tipos de cambio y la partida del poder de compra -- Empresas multinacionales -- Mercados organizados de las bolsas sobre contratos de futuros y opciones14aFinanzas internacionales 9588114aBolsa de valores 9589814aCrecimiento de las empresas95939 2ddccBK 00102ddc40708NFICaCPLbCPLd2018-04-15eDonacióng0.00l0o332.673 / M177h p430003262r2024-05-16 00:00:00tEj.1yBK